[Event "Kastav ZNG111 op 15th"]
[Site "Kastav"]
[Date "2012.09.16"]
[Round "7.8"]
[White "Res, Dalibor"]
[Black "Fiser, Igor"]
[Result "0-1"]
[WhiteElo "1800"]
[BlackElo "1656"]
[PlyCount "73"]
[EventDate "2012.09.07"]
[EventType "swiss"]
[EventRounds "7"]
[EventCountry "CRO"]
[SourceTitle "EXT 2023"]
[Source "ChessBase"]
[SourceDate "2022.10.05"]
[SourceVersion "1"]
[SourceVersionDate "2022.10.05"]
[SourceQuality "1"]

1. d4 d5 2. c4 e6 3. Nc3 b6 4. cxd5 exd5 5. Nf3 Nf6 6. Bg5 Be7 7. e3 Bg4 8. Be2 0-0 9. h3 Bh5 10. Ne5 Bxe2 11. Qxe2 c5 12. dxc5 bxc5 13. Rd1 d4 14. exd4 cxd4 15. 0-0 Bc5 16. Qc4 Qc7 17. Bxf6 gxf6 18. Ne4 fxe5 19. Nxc5 Rc8 20. Rd3 Qxc5 21. Rg3+ Kf8 22. Qd3 Qc2 23. Qf3 Nd7 24. Qd5 Qc6 25. Qb3 Ke7 26. Rg7 Qe6 27. Qa3+ Nc5 28. Rxh7 Kd6 29. Rc1 Qd5 30. b4 Nd7 31. Rxc8 Rxc8 32. Qxa7 Rc4 33. Kh2 d3 34. Qe3 d2 35. Rxf7 d1Q 36. Qh6+ Kc7 37. Rf3 0-1

[Event "Kraljevica ZNG111 op 14th"]
[Site "Kraljevica"]
[Date "2012.02.18"]
[Round "1"]
[White "Dizdarevic, Mirsad"]
[Black "Fiser, Igor"]
[Result "0-1"]
[WhiteElo "1868"]
[BlackElo "1621"]
[PlyCount "80"]
[EventDate "2012.02.18"]
[EventType "swiss"]
[EventRounds "7"]
[EventCountry "CRO"]
[SourceTitle "CBM 147 Extra"]
[Source "ChessBase"]
[SourceDate "2012.04.24"]
[SourceVersion "1"]
[SourceVersionDate "2012.04.24"]
[SourceQuality "1"]

1. d4 d5 2. Nf3 Nc6 3. g3 Nf6 4. Bg2 g6 5. 0-0 Bg7 6. c3 0-0 7. Nbd2 e6 8. Qc2 Re8 9. e4 dxe4 10. Nxe4 e5 11. dxe5 Nxe4 12. Qxe4 Nxe5 13. Nxe5 Bxe5 14. Qf3 c6 15. Bh6 Bg7 16. Bxg7 Kxg7 17. Rad1 Qc7 18. Rfe1 Be6 19. c4 Qa5 20. b3 Bg4 21. Qxg4 Rxe1+ 22. Bf1 Rxd1 23. Qxd1 Qxa2 24. Qd4+ Kg8 25. b4 Qb1 26. c5 Qa2 27. Bc4 Qb1+ 28. Kg2 Qf5 29. g4 Qg5 30. h3 Qe7 31. f3 Rd8 32. Qf4 b6 33. cxb6 axb6 34. h4 Qd7 35. Kh3 h5 36. Qg5 Kg7 37. Be2 Ra8 38. Bc4 Ra3 39. Kg2 hxg4 40. fxg4 Qd6 0-1

[Event "Mediterranean op 5th"]
[Site "Rijeka"]
[Date "2011.11.14"]
[Round "4"]
[White "Fiser, Igor"]
[Black "Gelo, Ivan"]
[Result "1/2-1/2"]
[WhiteElo "1544"]
[BlackElo "2072"]
[PlyCount "82"]
[EventDate "2011.11.11"]
[EventType "swiss"]
[EventRounds "9"]
[EventCountry "CRO"]
[SourceTitle "EXT 2012"]
[Source "ChessBase"]
[SourceDate "2011.11.24"]
[SourceVersion "1"]
[SourceVersionDate "2011.11.24"]
[SourceQuality "1"]

1. e4 c5 2. f4 Nc6 3. Bb5 Nd4 4. Ba4 a6 5. c3 Ne6 6. d3 Nc7 7. Nf3 e6 8. Bd2 b5 9. Bc2 Nf6 10. 0-0 d6 11. d4 Bb7 12. Re1 Nd7 13. Qe2 Be7 14. f5 e5 15. Be3 0-0 16. Nbd2 Ne8 17. Rad1 Qc7 18. d5 Nef6 19. Bg5 Rab8 20. b3 a5 21. Rb1 Ba6 22. h3 a4 23. c4 Qa5 24. Bd3 Rb7 25. cxb5 Bxb5 26. Nc4 Bxc4 27. bxc4 Rfb8 28. Rxb7 Rxb7 29. Qc2 Bd8 30. Rb1 Rb6 31. Rxb6 Bxb6 32. a3 Qa6 33. Be2 h6 34. Bc1 Bc7 35. Bd2 Kf8 36. Be3 Ke8 37. g4 Ke7 38. g5 hxg5 39. Nxg5 Qa5 40. Bd2 Qa6 41. Be1 Nb6 1/2-1/2

[Event "Rijeka Paris Memorial op"]
[Site "Rijeka"]
[Date "2011.10.28"]
[Round "9"]
[White "Zjacic, Nebojsa"]
[Black "Fiser, Igor"]
[Result "1/2-1/2"]
[WhiteElo "1686"]
[BlackElo "1517"]
[PlyCount "49"]
[EventDate "2011.10.17"]
[EventType "swiss"]
[EventRounds "9"]
[EventCountry "CRO"]
[SourceTitle "EXT 2013"]
[Source "ChessBase"]
[SourceDate "2012.11.22"]
[SourceVersion "1"]
[SourceVersionDate "2012.11.22"]
[SourceQuality "1"]

1. e4 e5 2. Nf3 Nc6 3. Bb5 d6 4. Nc3 Nf6 5. Bxc6+ bxc6 6. d3 h6 7. h3 Be7 8. 0-0 0-0 9. d4 exd4 10. Nxd4 Bb7 11. Nf5 Qd7 12. Nxe7+ Qxe7 13. Re1 Rae8 14. Qd3 Nd7 15. Bf4 Qf6 16. Bg3 Re6 17. b4 Rfe8 18. f3 Ne5 19. Bxe5 Qxe5 20. Re2 Qg5 21. Rae1 d5 22. exd5 Rxe2 23. Rxe2 Rxe2 24. Qxe2 Kf8 25. Kf2 1/2-1/2

[Event "Rijeka Paris Memorial op"]
[Site "Rijeka"]
[Date "2011.10.25"]
[Round "7"]
[White "Fiser, Igor"]
[Black "Samanic, Verena"]
[Result "1/2-1/2"]
[WhiteElo "1517"]
[BlackElo "1626"]
[PlyCount "88"]
[EventDate "2011.10.17"]
[EventType "swiss"]
[EventRounds "9"]
[EventCountry "CRO"]
[SourceTitle "EXT 2013"]
[Source "ChessBase"]
[SourceDate "2012.11.22"]
[SourceVersion "1"]
[SourceVersionDate "2012.11.22"]
[SourceQuality "1"]

1. e4 e5 2. Nf3 Nc6 3. Bc4 Bc5 4. c3 Nf6 5. d4 exd4 6. cxd4 Bb4+ 7. Bd2 Nxe4 8. Bxb4 Nxb4 9. Bxf7+ Kxf7 10. Qb3+ Ke8 11. Qxb4 Qe7 12. Qxe7+ Kxe7 13. 0-0 Kf7 14. Nc3 Nxc3 15. bxc3 d6 16. Rfe1 Bf5 17. Re3 Rhe8 18. Rae1 h6 19. Nd2 Re6 20. Rxe6 Bxe6 21. a3 Bf5 22. f4 a5 23. Kf2 Ra6 24. Nc4 Bd3 25. Nb2 Bf5 26. Nc4 Be6 27. Ne3 Rb6 28. f5 Bd7 29. Nd5 Rb2+ 30. Re2 Rxe2+ 31. Kxe2 c6 32. Ne3 Kf6 33. g4 b5 34. Kf3 c5 35. dxc5 Bc6+ 36. Kf4 dxc5 37. Nc2 Bd5 38. h4 Bb3 39. Na1 Bc4 40. g5+ hxg5+ 41. hxg5+ Ke7 42. Ke5 b4 43. axb4 axb4 44. cxb4 cxb4 1/2-1/2

[Event "Rijeka Paris Memorial op"]
[Site "Rijeka"]
[Date "2011.10.24"]
[Round "6"]
[White "Plenca, Julian"]
[Black "Fiser, Igor"]
[Result "1-0"]
[WhiteElo "2334"]
[BlackElo "1517"]
[PlyCount "55"]
[EventDate "2011.10.17"]
[EventType "swiss"]
[EventRounds "9"]
[EventCountry "CRO"]
[SourceTitle "EXT 2013"]
[Source "ChessBase"]
[SourceDate "2012.11.22"]
[SourceVersion "1"]
[SourceVersionDate "2012.11.22"]
[SourceQuality "1"]

1. e4 e5 2. Nf3 Nc6 3. Bc4 Be7 4. d4 exd4 5. 0-0 d6 6. Nxd4 Nf6 7. Nc3 0-0 8. Nxc6 bxc6 9. h3 Be6 10. Bd3 Nd7 11. Re1 Ne5 12. Bf1 f5 13. f4 Ng6 14. g4 Bh4 15. exf5 Bxe1 16. Qxe1 Nh4 17. Qxe6+ Kh8 18. Qe3 Re8 19. Qf2 Re1 20. Rb1 Rb8 21. b3 Qf6 22. Bd2 Rxb1 23. Nxb1 Qb2 24. Qxh4 Qxb1 25. f6 Qb2 26. fxg7+ Qxg7 27. Bd3 Re8 28. Bc3 1-0

[Event "Kastav op 13th"]
[Site "Kastav"]
[Date "2011.09.10"]
[Round "5"]
[White "Fiser, Igor"]
[Black "Kvaternik, Sinisa"]
[Result "0-1"]
[WhiteElo "1517"]
[BlackElo "1973"]
[PlyCount "108"]
[EventDate "2011.09.03"]
[EventType "swiss"]
[EventRounds "8"]
[EventCountry "CRO"]
[SourceTitle "EXT 2012"]
[Source "ChessBase"]
[SourceDate "2011.11.24"]
[SourceVersion "1"]
[SourceVersionDate "2011.11.24"]
[SourceQuality "1"]

1. e4 e5 2. Nf3 Nf6 3. d3 Nc6 4. Be2 h6 5. h3 Bc5 6. c3 Bb6 7. 0-0 d6 8. Nh2 Be6 9. Kh1 g5 10. b4 a6 11. a4 Qd7 12. Be3 Ne7 13. Qd2 Ng6 14. c4 Bd4 15. Ra3 Nf4 16. Nc3 h5 17. Nd5 Bxd5 18. cxd5 c5 19. bxc5 dxc5 20. a5 Qc7 21. Rb3 g4 22. h4 Nd7 23. Rfb1 Rb8 24. Bd1 b5 25. axb6 Rxb6 26. Rxb6 Nxb6 27. Qa5 Rh6 28. Ba4+ Kf8 29. Bc6 Nbxd5 30. Qxc7 Nxc7 31. Rb8+ Kg7 32. Ba4 Bxe3 33. fxe3 Nxd3 34. Bc2 Nb4 35. Bb3 Rc6 36. Nf1 a5 37. Bc4 Ne6 38. Ng3 Kg6 39. Nf5 Kf6 40. Rh8 Nf4 41. exf4 exf4 42. Rxh5 Rc7 43. Nd6 Rd7 44. Rf5+ Ke7 45. Nxf7 g3 46. Rxf4 Rd1+ 47. Bf1 a4 48. Rf3 a3 49. Kg1 a2 50. h5 a1Q 51. h6 Qd4+ 52. Kh1 Qxe4 53. Ng5 Qh4+ 54. Kg1 Qh2# 0-1

[Event "CRO-chT3 West"]
[Site "Croatia"]
[Date "2011.04.10"]
[Round "5.16"]
[White "Fiser, Igor"]
[Black "Herljevic, Romana"]
[Result "1-0"]
[WhiteElo "1485"]
[BlackElo "1922"]
[PlyCount "43"]
[EventDate "2011.03.12"]
[EventType "team-tourn"]
[EventRounds "9"]
[EventCountry "CRO"]
[SourceTitle "EXT 2014"]
[Source "ChessBase"]
[SourceDate "2013.11.20"]
[SourceVersion "1"]
[SourceVersionDate "2013.11.20"]
[SourceQuality "1"]

1. e4 e5 2. Nf3 Nc6 3. Bc4 Bc5 4. c3 Nf6 5. d4 exd4 6. cxd4 Bb4+ 7. Nc3 Nxe4 8. 0-0 Bxc3 9. bxc3 0-0 10. d5 Ne7 11. Qc2 Nf6 12. Bg5 Ng6 13. Rfe1 d6 14. h3 h6 15. Be3 Re8 16. Bb3 Ne5 17. Nd4 Bd7 18. Re2 Qc8 19. f3 c5 20. dxc6 bxc6 21. f4 Ng6 22. Qxg6 1-0

[Event "CRO-chT3 West"]
[Site "Croatia"]
[Date "2011.03.13"]
[Round "3.15"]
[White "Kauzlaric, Goran"]
[Black "Fiser, Igor"]
[Result "1/2-1/2"]
[WhiteElo "1926"]
[BlackElo "1485"]
[PlyCount "55"]
[EventDate "2011.03.12"]
[EventType "team-tourn"]
[EventRounds "9"]
[EventCountry "CRO"]
[SourceTitle "EXT 2014"]
[Source "ChessBase"]
[SourceDate "2013.11.20"]
[SourceVersion "1"]
[SourceVersionDate "2013.11.20"]
[SourceQuality "1"]

1. e4 e5 2. Bc4 Nf6 3. d3 Bc5 4. Nf3 d6 5. 0-0 Bg4 6. h3 Bh5 7. Nbd2 Qd7 8. Re1 Nc6 9. c3 g5 10. Nf1 g4 11. hxg4 Nxg4 12. d4 Bb6 13. Ng3 Bg6 14. Bg5 f6 15. Bh4 0-0-0 16. a4 a6 17. b4 exd4 18. Nxd4 Nxd4 19. cxd4 Ba7 20. b5 a5 21. Nf5 h5 22. Qb3 Rde8 23. Qd3 Kb8 24. Bd5 Bb6 25. Ne3 Nxe3 26. Rxe3 Rhf8 27. Rg3 Bh7 28. Re3 1/2-1/2